Влияние температуры прокаливания на плотность таблеток из оксида цинка, обедненного по изотопу 64Zn; Известия Томского политехнического университета [Известия ТПУ]; Т. 314, № 2: Математика и механика. Физика
| Parent link: | Известия Томского политехнического университета [Известия ТПУ]/ Томский политехнический университет (ТПУ).— , 2000- Т. 314, № 2: Математика и механика. Физика.— 2009.— [С. 101-104] |
|---|---|
| Outros autores: | , , , , , |
| Summary: | Заглавие с титульного листа Электронная версия печатной публикации Исследовано влияние температуры прокаливания на плотность, прочность и влагопоглощение таблеток из диоксида цинка, обедненного по 64Zn, используемых в системах охлаждения ядерных реакторов. Установлено, что плотность таблеток увеличивается в диапазоне 800...1300 °С в 1,2...1,45 раза и снижается при дальнейшем увеличении температуры. Прочность таблеток в указанном интервале практически постоянна. Определены оптимальные условия для термической обработки таблеток из оксида цинка. |
| Idioma: | ruso |
| Publicado: |
2009
|
| Series: | Математика и механика. Физика |
| Subjects: | |
| Acceso en liña: | http://www.lib.tpu.ru/fulltext/v/Bulletin_TPU/2009/v314/i2/22.pdf |
| Formato: | MixedMaterials Electrónico Capítulo de libro |
| KOHA link: | https://koha.lib.tpu.ru/cgi-bin/koha/opac-detail.pl?biblionumber=174369 |
MARC
| LEADER | 00000nla2a2200000 4500 | ||
|---|---|---|---|
| 001 | 174369 | ||
| 005 | 20231031164643.0 | ||
| 035 | |a (RuTPU)RU\TPU\book\189084 | ||
| 035 | |a RU\TPU\book\189070 | ||
| 090 | |a 174369 | ||
| 100 | |a 20100126d2009 k y0rusy50 ca | ||
| 101 | 0 | |a rus | |
| 102 | |a RU | ||
| 135 | |a drnn ---uucaa | ||
| 181 | 0 | |a i | |
| 182 | 0 | |a b | |
| 200 | 1 | |a Влияние температуры прокаливания на плотность таблеток из оксида цинка, обедненного по изотопу 64Zn |b Электронный ресурс |f Г. М. Скорынин [и др.] | |
| 203 | |a Текст |c электронный | ||
| 215 | |a 1 файл (454 Кб) | ||
| 225 | 1 | |a Математика и механика. Физика | |
| 230 | |a Электронные текстовые данные (1 файл : 454 Кб) | ||
| 300 | |a Заглавие с титульного листа | ||
| 300 | |a Электронная версия печатной публикации | ||
| 320 | |a [Библиогр.: с. 104 (5 назв.)] | ||
| 330 | |a Исследовано влияние температуры прокаливания на плотность, прочность и влагопоглощение таблеток из диоксида цинка, обедненного по 64Zn, используемых в системах охлаждения ядерных реакторов. Установлено, что плотность таблеток увеличивается в диапазоне 800...1300 °С в 1,2...1,45 раза и снижается при дальнейшем увеличении температуры. Прочность таблеток в указанном интервале практически постоянна. Определены оптимальные условия для термической обработки таблеток из оксида цинка. | ||
| 337 | |a Adobe Reader | ||
| 461 | 1 | |0 (RuTPU)RU\TPU\book\176237 |t Известия Томского политехнического университета [Известия ТПУ] |f Томский политехнический университет (ТПУ) |d 2000- | |
| 463 | 1 | |0 (RuTPU)RU\TPU\book\188988 |x 1684-8519 |t Т. 314, № 2: Математика и механика. Физика |v [С. 101-104] |d 2009 |p 187 с. | |
| 610 | 1 | |a цинк | |
| 610 | 1 | |a оксид цинка | |
| 610 | 1 | |a АЭС | |
| 610 | 1 | |a водно-химический режим | |
| 610 | 1 | |a таблетирование | |
| 610 | 1 | |a плотность | |
| 610 | 1 | |a прочность | |
| 610 | 1 | |a влагопоглощение | |
| 610 | 1 | |a труды учёных ТПУ | |
| 610 | 1 | |a электронный ресурс | |
| 701 | 1 | |a Скорынин |b Г. М. | |
| 701 | 1 | |a Кононов |b Д. Б. | |
| 701 | 1 | |a Морозов |b О. А. | |
| 701 | 1 | |a Дикарев |b Д. А. | |
| 701 | 1 | |a Тимофеев |b Д. В. | |
| 701 | 1 | |a Гузеева |b Т. И. |c профессор каф. химической технологии редких, рассеянных и радиоактивных элементов (ХТРЭ) ФТФ, ТПУ |c доктор технических наук |g Татьяна Ивановна |2 stltpush |3 (RuTPU)RU\TPU\pers\25574 | |
| 801 | 1 | |a RU |b 63413507 |c 20090623 |g PSBO | |
| 801 | 2 | |a RU |b 63413507 |c 20211210 |g PSBO | |
| 856 | 4 | |u http://www.lib.tpu.ru/fulltext/v/Bulletin_TPU/2009/v314/i2/22.pdf | |
| 942 | |c CF | ||